| 000 | 01256nam a2200265Ia 4500 | ||
|---|---|---|---|
| 003 | Ost | ||
| 005 | 20260416102351.0 | ||
| 008 | 260416s9999||||xx |||||||||||||| ||und|| | ||
| 040 | _cfsecg | ||
| 041 | _aara | ||
| 082 | _a519.53 | ||
| 100 |
_aطويطو، محمد _eمؤلف |
||
| 245 | 0 |
_aدروس في الإحصاء الوصفي / _c محمد طويطو |
|
| 260 |
_aالجزائر _bجامعة الجزائر3: كلية العلوم الإقتصادية، العلوم التجارية وعلوم التسيير _c2015 |
||
| 300 |
_a117 ورقة _bايضاحات _c30 سم |
||
| 504 | _aمراجع ص.117 | ||
| 520 | _aمفاهيم عامة في الاحصاء، طرق عرض البيانات، لمحة عامة عن مقاييس النزعة المركزية، مقاييس التشتت والالتواء، تحليل الارتباط | ||
| 653 | _aالاحتمالات | ||
| 653 | _aالاحصاء الوصفي | ||
| 653 | _aالاقتصاد التحليلي | ||
| 653 | _aالاقتصاد الرياضي | ||
| 653 | _aالاقتصاد القياسي | ||
| 710 |
_aجامعة الجزائر3: كلية العلوم الإقتصادية، العلوم التجارية وعلوم التسيير _eناشر علمي |
||
| 942 | _cHANDOUT | ||
| 999 |
_c40992 _d40992 |
||